Manual de procedimientos de negociación colectiva: alcances jurisprudenciales, Código del Trabajo, L. IV, arts. 303 y sgtes
Gespeichert in:
| 1. Verfasser: | |
|---|---|
| Format: | Buch |
| Sprache: | Spanisch |
| Veröffentlicht: |
Santiago
LexisNexis
2004
|
| Schlagworte: | |
| Tags: |
Tag hinzufügen
Keine Tags, Fügen Sie den ersten Tag hinzu!
|
MARC
| LEADER | 00000nam a2200000 a 4500 | ||
|---|---|---|---|
| 001 | UCL8302 | ||
| 003 | CL-VaPUC | ||
| 008 | 040618e20040000CL |||||||||||||||||spa|d | ||
| 020 | |a 9562384624 | ||
| 082 | 0 | 4 | |a 344.8301 |b DIA |2 21 |
| 100 | 0 | |a Díaz Muñoz, Ana María |e author |9 486225 | |
| 245 | 1 | 0 | |a Manual de procedimientos de negociación colectiva: alcances jurisprudenciales, Código del Trabajo, L. IV, arts. 303 y sgtes |
| 300 | |a 169 p | ||
| 942 | |c BK | ||
| 945 | |d 20040618 00:00:00 |a cmena | ||
| 260 | |a Santiago |b LexisNexis |c 2004 | ||
| 650 | 0 | |a Negociación colectiva |9 312433 | |
| 650 | 7 | |a DERECHO LABORAL |2 CL-VaPUC |9 15 | |
| 650 | 0 | |a Jurisprudencia |9 255952 | |
| 651 | 7 | |a CHILE |2 CL-VaPUC |9 486226 | |
| 583 | |a last modification |c 20040618 00:00:00 |k Rodrigo Vera | ||
| 999 | |c 309651 |d 309649 | ||
| 952 | |0 0 |1 0 |4 0 |6 344_830100000000000_DIA_2004 |7 0 |8 A |9 377289 |a BIBDER |b BIBDER |d 2019-11-21 |i 402365K |o 344.8301 DIA 2004 |p 402365K |r 2023-01-25 |w 2019-11-21 |y BK |k DER | ||
| 952 | |0 0 |1 0 |4 0 |6 344_830100000000000_DIA_2004 |7 0 |8 A |9 377290 |a BIBDER |b BIBDER |d 2019-11-21 |i 4023668 |o 344.8301 DIA 2004 |p 4023668 |r 2023-01-25 |w 2019-11-21 |y BK |k DER | ||
| 952 | |0 0 |1 0 |4 0 |6 344_830100000000000_DIA_2004 |7 0 |8 A |9 377291 |a BIBDER |b BIBDER |d 2019-11-21 |i 4023676 |o 344.8301 DIA 2004 |p 4023676 |r 2023-01-25 |w 2019-11-21 |y BK |k DER | ||
| 952 | |0 0 |1 0 |4 0 |6 344_830100000000000_DIA_2004 |7 0 |8 A |9 377292 |a BIBDER |b BIBDER |d 2019-11-21 |i 4033426 |o 344.8301 DIA 2004 |p 4033426 |r 2023-01-25 |w 2019-11-21 |y BK |k DER | ||
| 952 | |0 0 |1 0 |4 0 |6 344_830100000000000_DIA_2004 |7 0 |8 A |9 377293 |a BIBDER |b BIBDER |d 2019-11-21 |i 4046536 |o 344.8301 DIA 2004 |p 4046536 |r 2023-01-25 |w 2019-11-21 |y BK |k DER | ||
| 952 | |0 0 |1 0 |4 0 |6 344_830100000000000_DIA_2004 |7 0 |8 A |9 377294 |a BIBDER |b BIBDER |d 2019-11-21 |i 4046544 |o 344.8301 DIA 2004 |p 4046544 |r 2023-01-25 |w 2019-11-21 |y BK |k DER | ||
| 952 | |0 0 |1 0 |4 0 |6 344_830100000000000_DIA_2004 |7 0 |8 A |9 377295 |a BIBDER |b BIBDER |d 2019-11-21 |i 4046552 |o 344.8301 DIA 2004 |p 4046552 |r 2023-01-25 |w 2019-11-21 |y BK |k DER | ||